Statistics for ♫ "Finale (Can't Wait To See What You Do Next)" - Lyrics - AJR ♫

Click here to take the quiz!

General Stats

  • This quiz has been taken 72 times
  • The average score is 345 of 407

Answer Stats

Lyric% Correct
I
100%
a
97%
Can
97%
So
97%
the
97%
(we
97%
We
97%
we
97%
You
97%
you
97%
your
97%
and
94%
And
94%
do
94%
(do
94%
next
94%
on
94%
see
94%
to
94%
wait
94%
what
94%
when
94%
bigger,
90%
can't
90%
Don't
90%
(don't
90%
don't
90%
from
90%
gave
90%
heaven
90%
I'm
90%
me,
90%
me
90%
Now
90%
now
90%
now,
90%
out
90%
overwhelmed
90%
something
90%
They
90%
they
90%
want
90%
been
87%
come
87%
Come
87%
go,
87%
go),
87%
go
87%
hell
87%
it
87%
my
87%
outside
87%
outside,
87%
wanted,
87%
wanted
87%
If
84%
if
84%
more
84%
one
84%
time
84%
time)
84%
you're
84%
'em
81%
fell
81%
here,
81%
here
81%
here)
81%
high
81%
need
81%
of
81%
ahead
77%
congratulations
77%
fine
77%
Just
77%
just
77%
success
77%
well
77%
Well,
77%
curtain's
74%
did
74%
get
74%
hope
74%
think
74%
You've
74%
got
71%
hard,
71%
its
71%
it's
71%
as
68%
falling
68%
up,
68%
about
65%
album
65%
bit
65%
but
65%
college
65%
final
65%
forget
65%
let
65%
Let
65%
made
65%
this
65%
went
65%
wish
65%
year
65%
breath,
61%
catch
61%
hopeless,
61%
how
61%
sec?
61%
shitty
61%
remember
58%
smile,
58%
all
55%
brighten
55%
am
52%
ever
52%
forgotten
52%
low,
52%
Neotheater
52%
that's
52%
Welcome
48%
Eh,
42%
okay
39%

Score Distribution

Percentile by Number Answered

Percent of People with Each Score

Your Score History

You have not taken this quiz